Geography General Knowledge Quiz #1 - Statistics

General Stats
  • This quiz has been taken 62 times
    38 since last reset
  • The average score is 7 of 12
Answer Stats
Answer Question % Correct
50 How many states are in the USA (not including overseas territories)
100%
Russia What is the largest country in the world?
100%
Allies Who won WW2? The allies or the Axis?
97%
Denmark Which country owns Greenland?
79%
Vatican City What is the smallest country in the world?
79%
Kazakhstan What is the largest Central ASIAN country?
69%
Honshu What is the largest island in Japan?
62%
Nicaragua What is the largest Central AMERICAN country?
59%
Yaounde What is the capital of Cameroon? (don't put the accent)
34%
British Empire What was the largest empire in history?
31%
Ethiopia, Liberia What two countries in Africa were never colonized by the Europeans? (start in Alphabetical Order)
17%
Benin BONUS (and the hardest of them all): Where was Voodoo invented?
7%
No matching quizzes found
Score Distribution
Percent of People with Each Score
Percentile by Number Answered
Your Score History
You have not taken this quiz since the last reset